00473nam a2200145 a 4500008004100000020001500041050001600056100002200072245007500094246007200169260002800241300002200269350000900291700002700300120416s0000 ||||||||||||||||| || u a0824053362 aHF 5625 Dev aAitken, Michael J14aThe development of accounting theorycedited by Michael J. R. Gaffikin asignificant contributors to accounting thought in the 20th. Century aNew YorkbGarlandc1982 aviii, 272p. : ill a0.00 aGaffikin, Michael J. R